000 00717nam a2200241Ia 4500
003 OSt
005 20220918180722.0
006 a|||||r|||| 00| 0
007 ta
008 220917b |||||||| |||| 00| 0 eng d
024 _a23,707
037 _cTextual
040 _aARTS
_cARTS
_beng
041 _2eng
_aeng
082 _aO111,1K08,8:g, L8-;1
100 _aRadzinowioz Mary Ann
_956895
245 0 _aToward Samson agonistes
_b the growth Milton's mind
260 _aPrinstone
_bUniv Press
_c1978
300 _axxiii,426p. illus
_ccm.
650 _aMILTON, JOHN; ENGLISH LITERATURE
_94883
942 _hO111,1K08,8:g, L8-;1
_cTEXL
_2CC
999 _c162751
_d162751